000 00778nam a2200229 a 4500
999 _c43
_d43
001 43
003 BD-JhCC
005 20171012090007.0
008 170924s2004 bg ||||| |||| 00| 0 ben d
020 _a9848683011
035 _a(BD-JhCC)43
040 _aBD-JhCC
_cBD-JhCC
_dBD-JhCC
041 _aben
082 _bISL 2004
_a891.4409
_222
100 _aইসলাম, নূরউল মুস্তাফা
_c
245 _aনির্বাচিত প্রবন্ধ /
_bমুস্তাফা নূরউল ইসলাম
260 _aঢাকা :
_bঅন্যপ্রকাশ,
_c২০০৪.
300 _a২০৭ পৃ. :
_c২৪ সেমি.
650 _aCollective essay
_xBengali literature
942 _2ddc
_cBK